| 000 | 01675cam a22004095a 4500 | ||
|---|---|---|---|
| 999 |
_c26815 _d26787 |
||
| 001 | 14895725 | ||
| 003 | EG-ScBUE | ||
| 005 | 20201010105148.0 | ||
| 008 | 070619t2008 maua f bd 001 0 eng d | ||
| 020 | _a9780071283403 | ||
| 020 | _a0071283404 | ||
| 040 |
_aDLC _beng _erda _cDLC _dDLC _dEG-ScBUE |
||
| 082 | 0 | 4 |
_a658.15 _bROS _222 |
| 100 | 1 |
_aRoss, Stephen A., _eauthor. |
|
| 245 | 1 | 0 |
_aEssentials of corporate finance / _cStephen A. Ross, Massachusetts Institute of Technology, Randolph W. Westerfield, University of Southern California, Bradford D. Jordan, University of Kentucky. |
| 250 | _aSixth edition. | ||
| 250 | _aInternational student edition. | ||
| 264 | 1 |
_aBoston : _bMcGraw-Hill, _c[2008] |
|
| 264 | 4 | _cc2008 | |
| 300 |
_axxxvi, 620 pages : _billustrations (some color) ; _c27 cm. |
||
| 336 |
_2rdacontent _atext _btxt |
||
| 337 |
_2rdamedia _aunmediated _bn |
||
| 338 |
_2rdacarrier _avolume _bnc |
||
| 490 | 0 | _aMcGraw-Hill/Irwin series in finance, insurance, and real estate | |
| 500 | _aIncludes appendices. | ||
| 500 | _aIncludes glossary. | ||
| 504 | _aIncludes bibliographical references and index. | ||
| 650 | 7 |
_aCorporations _xFinance. _2BUEsh |
|
| 653 |
_bBUSECO _cJuly2018 |
||
| 655 | _vReading book | ||
| 700 | 1 |
_aWesterfield, Randolph, _eauthor. |
|
| 700 | 1 |
_aJordan, Bradford D., _eauthor. |
|
| 856 | 4 | 1 |
_3Table of contents only _uhttp://www.loc.gov/catdir/enhancements/fy0743/2007025532-t.html |
| 856 | 4 | 2 |
_3Publisher description _uhttp://www.loc.gov/catdir/enhancements/fy0743/2007025532-d.html |
| 856 | 4 | 2 |
_3Contributor biographical information _uhttp://www.loc.gov/catdir/enhancements/fy0743/2007025532-b.html |
| 942 |
_2ddc _cBB |
||